书目信息 |
| 题名: |
世界上最伟大的推销员
|
|
| 作者: | 曼狄诺 , Mandinobog 著 ;安辽 译 | |
| 分册: | ||
| 出版信息: | 北京 世界知识出版社 2002.8 |
|
| 页数: | 245页 | |
| 开本: | 21cm | |
| 丛书名: | ||
| 单 册: | ||
| 中图分类: | F713.5 | |
| 科图分类: | ||
| 主题词: | 商业经济--国内 , 个人--修养--通俗读物 | |
| 电子资源: | ||
| ISBN: | 7-5012-1789-0 | |
| 000 | 00847nam0 2200253 45 | |
| 005 | 20080118150501.31 | |
| 010 | @a7-5012-1789-0@dCNY 16.80 | |
| 100 | @a20021010e20022002ekmy0chiy0121 ea | |
| 101 | 1 | @achi@ceng |
| 102 | @aCN@b110000 | |
| 105 | @aa z 000yy | |
| 200 | 1 | @a世界上最伟大的推销员@Ashi jie shang zui wei da de tui xiao yuan@f(美)奥格.曼狄诺著@g安辽译@zeng |
| 210 | @a北京@c世界知识出版社@d2002.8@h2002.10重印 | |
| 215 | @a245页@c图@d21cm | |
| 330 | @a本书简介:本书告诉我们如何对待财富和幸福。读了这本书,我们会觉得生活更充实,目标更明确,人生更有意义。 | |
| 606 | 0 | @a商业经济@x国内 |
| 606 | 0 | @a个人@x修养@j通俗读物 |
| 690 | @aF713.5@v4 | |
| 701 | 1 | @a曼狄诺@Aman di nuob奥格@4著 |
| 701 | A1 | @aMandinobog@4著 |
| 702 | 0 | @a安辽@Aan liao@4译 |
| 801 | 0 | @aCN@c20080118 |
| 905 | @dF713.5@eA760 | |
| 906 | @dCNY16.80@n3@r1 | |
| 世界上最伟大的推销员/(美)奥格.曼狄诺著/安辽译.-北京:世界知识出版社,2002.8(2002.10重印) |
| 245页:图;21cm |
| ISBN 7-5012-1789-0:CNY 16.80 |
| 本书简介:本书告诉我们如何对待财富和幸福。读了这本书,我们会觉得生活更充实,目标更明确,人生更有意义。 |
| ● |
| 相关链接 |
|
|
|
正题名:世界上最伟大的推销员
索取号:F713.5/A760
 
预约/预借
| 序号 | 登录号 | 条形码 | 馆藏地/架位号 | 状态 | 备注 |
| 1 | 478304 | 204783047 | 社科二线422/422社科库 47排2列3层/ [索取号:F713.5/A760] | 在馆 |